| 000 | 00508nam a2200145Ia 4500 | ||
|---|---|---|---|
| 008 | 170221s9999 xx 000 0 und d | ||
| 100 | _aAlaa Ibrahim Mahmood Al-Nuaimi | ||
| 245 | _aExamining Community of Inquiry Model in Influencing E-Learning Usage among Female Students | ||
| 245 | _cAlaa Ibrahim Mahmood Al-Nuaimi | ||
| 260 | _bInternational Review of Management and Marketing | ||
| 260 | _cMay 2016 | ||
| 300 | _a5:2 | ||
| 650 | _xMarketing. | ||
| 856 | _uhttp://www.econjournals.com/index.php/irmm | ||
| 999 |
_c309918 _d309918 |
||